[Event "Quebec op U2000"]
[Site "Montreal CAN"]
[Date "2023.08.04"]
[Round "9.20"]
[White "Alcantara, Maximo"]
[Black "Beaupre, Eugene"]
[Result "0-1"]
[WhiteElo "1875"]
[BlackElo "1825"]
[PlyCount "96"]
[EventDate "2023.07.29"]
[EventType "swiss"]
[EventRounds "9"]
[EventCountry "CAN"]

1. Nf3 Nf6 2. g3 g6 3. Bg2 Bg7 4. c4 d6 5. d3 O-O 6. Nc3 e5 7. O-O a5 8. Rb1
Nh5 9. Qb3 Na6 10. Be3 c6 11. a3 Kh8 12. Qb6 Nc7 13. d4 Ra6 14. Qb3 Qe7 15. Qc2
Bf5 16. Qd2 Bxb1 17. Rxb1 e4 18. Ng5 d5 19. c5 Ne6 20. Nh3 f5 21. Bh6 Bxh6 22.
Qxh6 Nxd4 23. Ng5 Qg7 24. Qxg7+ Nxg7 25. e3 Nde6 26. Nxe6 Nxe6 27. Na4 Raa8 28.
Nb6 Rad8 29. b4 axb4 30. axb4 d4 31. exd4 Nxd4 32. Nc4 Nb5 33. Bf1 Rd4 34. Na5
Rf7 35. Bxb5 cxb5 36. Kf1 Rfd7 37. Ke1 Kg7 38. c6 bxc6 39. Nxc6 R4d6 40. Na5
Kf6 41. Nb3 Ra7 42. Ke2 Ra2+ 43. Ke1 Kg5 44. h3 h5 45. Kf1 h4 46. Kg2 hxg3 47.
Kxg3 Rd3+ 48. Kg2 Rf3 0-1

[Event "Quebec op U2000"]
[Site "Montreal CAN"]
[Date "2023.08.04"]
[Round "9.21"]
[White "Hu, Raymond"]
[Black "Kozlov, Guennadi"]
[Result "1/2-1/2"]
[WhiteElo "1449"]
[BlackElo "1321"]
[PlyCount "83"]
[EventDate "2023.07.29"]
[EventType "swiss"]
[EventRounds "9"]
[EventCountry "CAN"]

1. e4 e6 2. e5 d5 3. d4 c5 4. c3 Nc6 5. Nf3 Qb6 6. a3 a5 7. Bd3 Bd7 8. Bc2 Be7
9. O-O c4 10. a4 Qc7 11. Na3 Na7 12. Be3 b5 13. axb5 Nxb5 14. Nxb5 Bxb5 15. Nd2
h5 16. f4 g6 17. Qf3 Nh6 18. h3 Qc6 19. g4 hxg4 20. hxg4 a4 21. f5 exf5 22.
gxf5 gxf5 23. Bxf5 Nxf5 24. Qxf5 Qg6+ 25. Qxg6 fxg6 26. Kg2 Kd7 27. Rf7 Ke6 28.
Rg7 Rag8 29. Rxg8 Rxg8 30. Rh1 Ra8 31. Nb1 a3 32. Nxa3 Bxa3 33. bxa3 Rxa3 34.
Rc1 Kf5 35. Kf3 Be8 36. Rb1 g5 37. Bd2 Bh5+ 38. Ke3 Ra6 39. Rf1+ Kg4 40. Rg1+
Kf5 41. Rf1+ Kg4 42. Rg1+ 1/2-1/2

[Event "Quebec op U2000"]
[Site "Montreal CAN"]
[Date "2023.08.04"]
[Round "9.22"]
[White "Craciun, David"]
[Black "Plante, Michel"]
[Result "1/2-1/2"]
[WhiteElo "1930"]
[BlackElo "2010"]
[PlyCount "137"]
[EventDate "2023.07.29"]
[EventType "swiss"]
[EventRounds "9"]
[EventCountry "CAN"]

1. d4 f5 2. Bf4 e6 3. Nf3 Nf6 4. c4 Bd6 5. e3 Bxf4 6. exf4 b6 7. Nc3 Bb7 8. Bd3
Ne4 9. Qe2 d5 10. Ne5 O-O 11. f3 Nxc3 12. bxc3 c5 13. Qe3 cxd4 14. cxd4 dxc4
15. Bxc4 Bd5 16. O-O Bxc4 17. Nxc4 Qd5 18. Ne5 Nc6 19. Rfd1 Rfd8 20. Nxc6 Qxc6
21. Rac1 Qd6 22. Qe5 Qxe5 23. dxe5 Rxd1+ 24. Rxd1 Rc8 25. Rd6 Rc1+ 26. Kf2 Rc2+
27. Kf1 Rxa2 28. Rxe6 b5 29. Rc6 b4 30. Rc8+ Kf7 31. Rb8 a5 32. g4 g6 33. h4 h5
34. gxf5 gxf5 35. Rb5 Ke6 36. Ke1 Kd7 37. Kd1 Kc6 38. e6 Kd6 39. Rxf5 Kxe6 40.
Rxh5 a4 41. Rb5 Rb2 42. Kc1 a3 43. Ra5 Rb3 44. h5 Rxf3 45. Kb1 Rxf4 46. h6 Kf7
47. h7 Kg7 48. Rh5 Kh8 49. Rh3 Rf7 50. Rb3 Rb7 51. Ka2 Kxh7 52. Rh3+ Kg6 53.
Kb3 Kf5 54. Re3 Rb5 55. Re2 Kf4 56. Rf2+ Ke3 57. Rc2 Rb7 58. Rh2 Kd4 59. Rh4+
Kc5 60. Rc4+ Kd5 61. Rh4 Rb6 62. Rc4 Ra6 63. Rc1 a2 64. Ra1 Kc5 65. Rxa2 Rxa2
66. Kxa2 Kc4 67. Kb2 b3 68. Kb1 Kb4 69. Kb2 1/2-1/2

[Event "Quebec op U2000"]
[Site "Montreal CAN"]
[Date "2023.08.04"]
[Round "9.23"]
[White "Guillemette, Thomas"]
[Black "Brassard, Sylvain"]
[Result "1-0"]
[WhiteElo "1600"]
[BlackElo "1725"]
[PlyCount "95"]
[EventDate "2023.07.29"]
[EventType "swiss"]
[EventRounds "9"]
[EventCountry "CAN"]

1. e4 c5 2. c3 Nf6 3. e5 Nd5 4. d4 cxd4 5. Nf3 Nc6 6. Bc4 Nc7 7. cxd4 e6 8. O-O
b5 9. Bd3 Be7 10. Bf4 d5 11. a3 Qd7 12. Re1 h6 13. h3 g5 14. Be3 b4 15. a4 Ba6
16. Bc2 Na5 17. b3 O-O-O 18. Bd3 Bxd3 19. Qxd3 Kb7 20. Bd2 Nc6 21. Ra2 a5 22.
Rc2 Na7 23. Rec1 Rc8 24. Qe2 Na8 25. Rxc8 Rxc8 26. Rxc8 Qxc8 27. Qd1 Qg8 28.
Nh2 Qg6 29. Be3 Bd8 30. Nd2 Bb6 31. Ng4 Nc6 32. Nf3 Bd8 33. Ne1 h5 34. Nf6 Bxf6
35. exf6 g4 36. hxg4 hxg4 37. Nd3 Qxf6 38. Nc5+ Kc7 39. Qd3 Qf5 40. Qa6 Qb1+
41. Kh2 g3+ 42. Kxg3 Qg6+ 43. Kf3 Qf5+ 44. Bf4+ Ne5+ 45. dxe5 Qh5+ 46. Ke3 d4+
47. Kd2 Nb6 48. Qb7+ 1-0

[Event "Quebec op U2000"]
[Site "Montreal CAN"]
[Date "2023.08.04"]
[Round "9.24"]
[White "Tachijian, Mardig"]
[Black "Democri, Fardin"]
[Result "1-0"]
[WhiteElo "1717"]
[BlackElo "1715"]
[PlyCount "115"]
[EventDate "2023.07.29"]
[EventType "swiss"]
[EventRounds "9"]
[EventCountry "CAN"]

1. d4 Nf6 2. c4 e6 3. Nf3 d5 4. e3 c5 5. Nc3 cxd4 6. Nxd4 dxc4 7. Bxc4 a6 8.
O-O Be7 9. Bd2 O-O 10. Rc1 b5 11. Be2 Qb6 12. Bf3 Ra7 13. Nb3 Rd7 14. Qe2 Nc6
15. Nxb5 Ne5 16. N5d4 Bb4 17. Bxb4 Qxb4 18. Qd2 Nxf3+ 19. gxf3 Qd6 20. Qc2 e5
21. Nf5 Qb6 22. Qc5 Qe6 23. Ng3 h5 24. Kh1 Qh3 25. Rg1 Bb7 26. e4 h4 27. Qxe5
hxg3 28. Rxg3 Qe6 29. Qg5 g6 30. Nc5 Qb6 31. Nxd7 Nxd7 32. Rf1 Qb5 33. Qxb5
axb5 34. Rg5 Nf6 35. Rc1 Bc8 36. Rxb5 Be6 37. a3 Rd8 38. Rbc5 Rd2 39. R5c2 Rd3
40. Kg2 Nh5 41. h4 Nf4+ 42. Kg3 Ne2+ 43. Rxe2 Kg7 44. Re3 Rd2 45. b4 Kf6 46. f4
Rd4 47. b5 Rd8 48. Rb1 Bc8 49. b6 Bb7 50. Rbb3 Rd1 51. a4 Kg7 52. a5 f5 53. a6
Bxe4 54. Rxe4 fxe4 55. b7 Rg1+ 56. Kh2 Rg4 57. b8=Q Rxh4+ 58. Kg3 1-0

[Event "Quebec op U2000"]
[Site "Montreal CAN"]
[Date "2023.08.04"]
[Round "9.25"]
[White "Blanchet, Robert"]
[Black "Omichi, Haruaki"]
[Result "0-1"]
[WhiteElo "1810"]
[BlackElo "1568"]
[PlyCount "74"]
[EventDate "2023.07.29"]
[EventType "swiss"]
[EventRounds "9"]
[EventCountry "CAN"]

1. e4 c5 2. Nf3 Nc6 3. d4 cxd4 4. Nxd4 g6 5. Nc3 Bg7 6. Be3 Nf6 7. f3 O-O 8.
Qd2 d5 9. Nxc6 bxc6 10. e5 Nd7 11. f4 e6 12. Na4 Nxe5 13. Bc5 Re8 14. Bd4 Nd7
15. Bxg7 Kxg7 16. O-O-O e5 17. h4 exf4 18. h5 Qf6 19. hxg6 fxg6 20. g3 Nb6 21.
Nc5 Bg4 22. Re1 Rxe1+ 23. Qxe1 Rb8 24. c3 fxg3 25. Kb1 Nc4 26. Bxc4 dxc4 27.
Qxg3 Bf5+ 28. Ka1 Re8 29. a4 Qe5 30. Qh4 Qxc5 31. Qxh7+ Kf6 32. Qh4+ Ke6 33.
Qh7 Re7 34. Re1+ Kd7 35. Rd1+ Bd3 36. Qxg6 Kc7 37. b4 Qe5 0-1

[Event "Quebec op U2000"]
[Site "Montreal CAN"]
[Date "2023.08.04"]
[Round "9.26"]
[White "Bedhouche, Rayan"]
[Black "Yang, Jing Yao"]
[Result "1-0"]
[WhiteElo "1850"]
[BlackElo "1555"]
[PlyCount "53"]
[EventDate "2023.07.29"]
[EventType "swiss"]
[EventRounds "9"]
[EventCountry "CAN"]

1. e4 e5 2. Nf3 Nc6 3. Bb5 a6 4. Ba4 Nf6 5. O-O b5 6. Bb3 Be7 7. Re1 O-O 8. a4
b4 9. d4 d6 10. dxe5 Nxe5 11. Nxe5 dxe5 12. Nd2 Bc5 13. h3 Bb7 14. Qf3 a5 15.
Nc4 Nxe4 16. Rxe4 Bxe4 17. Qxe4 Qd1+ 18. Kh2 Bxf2 19. Be3 Qxa1 20. Bxf2 Rad8
21. Nxe5 Qxb2 22. Qf5 Qc3 23. Nxf7 Rxf7 24. Qxf7+ Kh8 25. Qe7 Rc8 26. Qd7 Rf8
27. Bd4 1-0

[Event "Quebec op U2000"]
[Site "Montreal CAN"]
[Date "2023.08.04"]
[Round "9.27"]
[White "Morin, Louis"]
[Black "Chasles, Jean-Benoit"]
[Result "1/2-1/2"]
[WhiteElo "1806"]
[BlackElo "1825"]
[PlyCount "114"]
[EventDate "2023.07.29"]
[EventType "swiss"]
[EventRounds "9"]
[EventCountry "CAN"]

1. e4 c5 2. Nf3 g6 3. d4 cxd4 4. c3 dxc3 5. Nxc3 Bg7 6. Bc4 Nc6 7. O-O Nh6 8.
Qe2 O-O 9. h3 d6 10. Be3 Kh8 11. Rfd1 Be6 12. Bxe6 fxe6 13. Ng5 Qc8 14. Rac1
Nf7 15. Nd5 Nxg5 16. Nxe7 Nxh3+ 17. gxh3 Qd7 18. Nxc6 bxc6 19. Qd2 e5 20. Kg2
Rf6 21. Bg5 Re6 22. Rc3 Bf6 23. Be3 Bh4 24. Rd3 Be7 25. Bc5 Rd8 26. Qa5 Ra8 27.
Qd2 Rb8 28. Bxd6 Bxd6 29. Rxd6 Rxd6 30. Qxd6 Qxd6 31. Rxd6 Rxb2 32. Rd8+ Kg7
33. Rd7+ Kf6 34. Rxa7 h5 35. Rc7 Rb6 36. Ra7 Kg5 37. Kg3 h4+ 38. Kf3 Rb2 39.
Ra5 Kf6 40. Ra6 Kg5 41. Rxc6 Rxa2 42. Re6 Ra5 43. Kg2 Ra4 44. Kf3 Ra5 45. Kg2
Rb5 46. Kf3 Rc5 47. Kg2 Kh6 48. Kf3 Kh5 49. Kg2 g5 50. Rf6 Rc4 51. Kf3 Rc3+ 52.
Kg2 Rc5 53. Rf5 Kg6 54. Kf3 Kh5 55. Kg2 Ra5 56. Kf3 Ra3+ 57. Kg2 Ra5 1/2-1/2

[Event "Quebec op U2000"]
[Site "Montreal CAN"]
[Date "2023.08.04"]
[Round "9.28"]
[White "Templonuevo, Mark Geryl"]
[Black "Giroux, Robert"]
[Result "1-0"]
[WhiteElo "1886"]
[BlackElo "1843"]
[PlyCount "119"]
[EventDate "2023.07.29"]
[EventType "swiss"]
[EventRounds "9"]
[EventCountry "CAN"]

1. e4 c6 2. d4 d5 3. f3 g6 4. Nc3 Bg7 5. e5 f6 6. f4 fxe5 7. fxe5 b6 8. Nf3 Ba6
9. Bd3 Bxd3 10. Qxd3 Qc8 11. Bg5 Qa6 12. Qd2 e6 13. Ne2 Nd7 14. O-O Nf8 15. Be3
h6 16. Nf4 Ne7 17. a4 Kd7 18. a5 Qb7 19. Qb4 Nf5 20. Bf2 h5 21. Nd3 Kc7 22. a6
Qc8 23. h3 h4 24. Nxh4 Qd8 25. Nxf5 gxf5 26. c4 Ng6 27. cxd5 Qxd5 28. Rfc1 Bf8
29. Qa4 Kd7 30. b4 Be7 31. Rc2 Rac8 32. Re1 Rhg8 33. Qa2 Qxa2 34. Rxa2 b5 35.
d5 cxd5 36. Bxa7 Nh4 37. Kh2 Ra8 38. Be3 Rg7 39. Ree2 Rgg8 40. a7 Rgc8 41. Ra5
Rc3 42. Nc5+ Bxc5 43. Bxc5 f4 44. Rxb5 Rxc5 45. Rxc5 Rxa7 46. b5 Ra1 47. Rb2
Nf5 48. h4 Ng3 49. Kh3 Ne4 50. Rc6 d4 51. Ra6 Rh1+ 52. Kg4 d3 53. Ra7+ Ke8 54.
b6 d2 55. Rxd2 Nxd2 56. Ra8+ Kf7 57. b7 Nc4 58. b8=Q Ne3+ 59. Kxf4 Nd5+ 60. Kg5
1-0

[Event "Quebec op U2000"]
[Site "Montreal CAN"]
[Date "2023.08.04"]
[Round "9.29"]
[White "Nardone, Raul"]
[Black "Beaulieu, Pierre"]
[Result "0-1"]
[WhiteElo "1765"]
[BlackElo "1758"]
[PlyCount "96"]
[EventDate "2023.07.29"]
[EventType "swiss"]
[EventRounds "9"]
[EventCountry "CAN"]

1. d4 Nf6 2. c4 e6 3. Nf3 b6 4. g3 Bb7 5. Bg2 d6 6. O-O Be7 7. Nc3 Nbd7 8. Qc2
O-O 9. Rd1 Re8 10. e4 Nf8 11. Ng5 Qb8 12. d5 Bc8 13. Nf3 e5 14. h3 Bd7 15. Be3
Qc8 16. Kh2 a6 17. Rac1 Ng6 18. b4 a5 19. a3 axb4 20. axb4 Qa6 21. Bf1 Ba4 22.
Nxa4 Qxa4 23. Qb1 Reb8 24. b5 Qa2 25. Nd2 Ra3 26. Qxa2 Rxa2 27. Ra1 Rba8 28.
Rxa2 Rxa2 29. Bg2 Nd7 30. Nb3 Ra3 31. Nd2 Ngf8 32. Re1 Nc5 33. Bxc5 bxc5 34.
Rb1 Nd7 35. Rb2 Nb6 36. f4 Bf6 37. f5 g6 38. fxg6 hxg6 39. Bf1 Bg5 40. Nb1 Ra1
41. Bd3 Ra4 42. h4 Bh6 43. Kh3 Nxc4 44. Bxc4 Rxc4 45. b6 cxb6 46. Na3 Rxe4 47.
Rxb6 Bf8 48. Rc6 Rd4 0-1

[Event "Quebec op U2000"]
[Site "Montreal CAN"]
[Date "2023.08.04"]
[Round "9.30"]
[White "Forget, Luc"]
[Black "Morais, Antoine"]
[Result "1-0"]
[WhiteElo "1771"]
[BlackElo "1532"]
[PlyCount "71"]
[EventDate "2023.07.29"]
[EventType "swiss"]
[EventRounds "9"]
[EventCountry "CAN"]

1. d4 Nf6 2. c4 g6 3. Nc3 Bg7 4. e4 d6 5. Nf3 O-O 6. Be2 e5 7. O-O Bg4 8. d5 a5
9. Ne1 Bxe2 10. Qxe2 Nh5 11. Nd3 Nd7 12. Be3 Bf6 13. g4 Ng7 14. c5 Bg5 15. cxd6
Bxe3 16. dxc7 Bxf2+ 17. Rxf2 Qxc7 18. Raf1 Ne8 19. g5 Nd6 20. h4 b5 21. Qg4 b4
22. Nd1 Nb5 23. Ne3 Nd4 24. Qh3 Qd8 25. Kh1 Qe7 26. Rg1 f6 27. Nf5 Nxf5 28.
exf5 e4 29. Qe3 fxg5 30. Rxg5 Kg7 31. Rfg2 Ra6 32. Nf4 Kh8 33. Qd4+ Ne5 34. Ne6
Rxf5 35. Rxf5 Qxh4+ 36. Kg1 1-0

[Event "Quebec op U2000"]
[Site "Montreal CAN"]
[Date "2023.08.04"]
[Round "9.31"]
[White "Liu, Lucas"]
[Black "St-Germain, Jack"]
[Result "1-0"]
[WhiteElo "1334"]
[BlackElo "1635"]
[PlyCount "59"]
[EventDate "2023.07.29"]
[EventType "swiss"]
[EventRounds "9"]
[EventCountry "CAN"]

1. d4 Nf6 2. c4 e6 3. Nf3 d5 4. Nc3 c6 5. Bg5 Nbd7 6. e3 Be7 7. Bd3 dxc4 8.
Bxc4 b5 9. Bd3 a6 10. Rc1 Bb7 11. O-O O-O 12. Bxf6 Nxf6 13. Ne4 Nxe4 14. Bxe4
Qb6 15. Ne5 Rac8 16. Nd7 Qa5 17. Nxf8 Bxf8 18. a3 Qd8 19. Qd3 g6 20. Rc2 f5 21.
Bf3 Rc7 22. Rfc1 c5 23. Bxb7 Rxb7 24. Qe2 cxd4 25. exd4 Kf7 26. Qe5 Bd6 27. Qe3
g5 28. Qf3 Rc7 29. Rxc7+ Bxc7 30. Qb7 1-0

[Event "Quebec op U2000"]
[Site "Montreal CAN"]
[Date "2023.08.04"]
[Round "9.32"]
[White "Duval, Mathieu"]
[Black "Baran, Marius"]
[Result "1/2-1/2"]
[WhiteElo "1744"]
[BlackElo "1803"]
[PlyCount "140"]
[EventDate "2023.07.29"]
[EventType "swiss"]
[EventRounds "9"]
[EventCountry "CAN"]

1. d4 Nf6 2. c4 e6 3. Nc3 Bb4 4. e3 O-O 5. Bd3 d5 6. Nge2 dxc4 7. Bxc4 b6 8.
O-O Bb7 9. Qb3 Qe7 10. Nf4 Nc6 11. Qc2 Rfd8 12. Nd3 Rac8 13. a3 Bxc3 14. bxc3
Na5 15. Ba2 c5 16. Qe2 Ba6 17. Rd1 cxd4 18. cxd4 Nd5 19. Bxd5 exd5 20. Qb2 Bc4
21. Ne5 Ba6 22. Bd2 Nc4 23. Nxc4 Rxc4 24. Bb4 Qc7 25. Rac1 Rc8 26. Rxc4 Qxc4
27. h3 h6 28. Bd2 Qc2 29. Qxc2 Rxc2 30. Bb4 Be2 31. Rd2 Rc1+ 32. Kh2 Bc4 33.
Rb2 b5 34. Bc5 a6 35. Bb4 f5 36. h4 h5 37. Kg3 Rg1 38. Kh2 Rc1 39. Kg3 Kf7 40.
Kf4 Kf6 41. g3 g6 42. Ba5 Ra1 43. Bb4 a5 44. Bxa5 Rxa3 45. Bb4 Ra1 46. Bc5 Rf1
47. Bd6 Ra1 48. Bb4 Ra4 49. Bd6 Ra6 50. Bb4 Re6 51. Kf3 Re8 52. Rb1 Ra8 53. Rb2
g5 54. hxg5+ Kxg5 55. Be7+ Kg6 56. Bb4 Ra1 57. Be7 Kf7 58. Bb4 Kf6 59. Bc5 Rh1
60. Kg2 Rd1 61. Kf3 Ra1 62. Bb4 Ra7 63. Bc5 Ra8 64. Bd6 Ra1 65. Bb4 Rh1 66. Kg2
Ra1 67. Kf3 Rh1 68. Kg2 Ra1 69. Kf3 Rh1 70. Kg2 Ra1 1/2-1/2

[Event "Quebec op U2000"]
[Site "Montreal CAN"]
[Date "2023.08.04"]
[Round "9.33"]
[White "Selling, Edward"]
[Black "Ouni, Iheb"]
[Result "1-0"]
[WhiteElo "1625"]
[BlackElo "1189"]
[PlyCount "45"]
[EventDate "2023.07.29"]
[EventType "swiss"]
[EventRounds "9"]
[EventCountry "CAN"]

1. d4 d5 2. c4 e6 3. Nc3 Bb4 4. e3 Bxc3+ 5. bxc3 Nf6 6. Ba3 Nc6 7. Nf3 Ne4 8.
Qc2 b6 9. cxd5 exd5 10. c4 Nf6 11. Rc1 Ne7 12. Bxe7 Qxe7 13. cxd5 Nxd5 14. Qc6+
Kd8 15. Qxd5+ Qd6 16. Qxa8 Ke7 17. Qe4+ Be6 18. Be2 f5 19. Qh4+ Kd7 20. O-O h6
21. Ne5+ Kc8 22. Ba6+ Kb8 23. Rc6 1-0

[Event "RA  National Capital op"]
[Site "Ottawa CAN"]
[Date "2023.11.03"]
[Round "1.1"]
[White "Zhong, Ryan Yunhui"]
[Black "Sambuev, Bator"]
[Result "0-1"]
[WhiteElo "2035"]
[BlackElo "2575"]
[PlyCount "120"]
[EventDate "2023.11.03"]
[EventType "swiss"]
[EventRounds "5"]
[EventCountry "CAN"]

1. e4 e5 2. Nf3 Nc6 3. d4 exd4 4. Nxd4 Nf6 5. Nc3 Nxe4 6. Nxe4 Qe7 7. f3 d5 8.
Bb5 Bd7 9. Bxc6 bxc6 10. O-O dxe4 11. Re1 O-O-O 12. Rxe4 Qf6 13. Qe2 c5 14. Nb5
Qa6 15. Nc3 Qxe2 16. Rxe2 Bf5 17. Bf4 c4 18. Nb5 Bc5+ 19. Kf1 Rhe8 20. Rxe8
Rxe8 21. Rc1 Rd8 22. Nxc7 Rd4 23. Na6 Bf8 24. Be3 Rd5 25. b4 Bd6 26. g4 Bg6 27.
Nc5 f5 28. h3 f4 29. Bf2 Rd2 30. Ke1 c3 31. a3 Bxc5 32. bxc5 Kc7 33. a4 a5 34.
Rd1 Rxc2 35. Bd4 Kc6 36. Kf1 Bf7 37. Rb1 Bc4+ 38. Kg1 Kd5 39. Bxg7 Kxc5 40. Be5
Be2 41. Bxf4 Bxf3 42. Rb5+ Kd4 43. Rxa5 Rg2+ 44. Kf1 Ke4 45. Bg5 Ra2 46. Kg1
Rg2+ 47. Kf1 Rh2 48. h4 Bxg4 49. Rc5 Kd3 50. Bf6 c2 51. Bg5 Bh3+ 52. Kg1 Rg2+
53. Kh1 Rg4 54. a5 Bg2+ 55. Kg1 Bd5+ 56. Kf2 Rxg5 57. hxg5 Bc4 58. a6 c1=Q 59.
a7 Qe3+ 60. Kg2 Qxc5 0-1

[Event "RA  National Capital op"]
[Site "Ottawa CAN"]
[Date "2023.11.03"]
[Round "1.5"]
[White "Rousskikh, Maxim"]
[Black "Xu, Daniel"]
[Result "0-1"]
[WhiteElo "1995"]
[BlackElo "2376"]
[PlyCount "66"]
[EventDate "2023.11.03"]
[EventType "swiss"]
[EventRounds "5"]
[EventCountry "CAN"]

1. e4 c5 2. Nf3 d6 3. Bb5+ Nd7 4. c3 Ngf6 5. Qe2 a6 6. Ba4 e6 7. O-O Be7 8. d4
b5 9. Bc2 Bb7 10. a4 O-O 11. Re1 Qb6 12. e5 Nd5 13. Bg5 Bxg5 14. Bxh7+ Kxh7 15.
Nxg5+ Kg8 16. Qh5 N5f6 17. exf6 Nxf6 18. dxc5 dxc5 19. Qh3 Rfd8 20. axb5 axb5
21. Rxa8 Bxa8 22. Na3 Rd2 23. c4 b4 24. Nb5 Qd8 25. Qb3 Ng4 26. Nh3 Qb8 27. Qg3
Qxg3 28. hxg3 Rxb2 29. f3 Nf6 30. Rd1 Ra2 31. Rd8+ Kh7 32. Nd6 b3 33. f4 b2 0-1

[Event "RA  National Capital op"]
[Site "Ottawa CAN"]
[Date "2023.11.03"]
[Round "1.6"]
[White "Sowa, Ryan"]
[Black "Qian, Eric"]
[Result "1/2-1/2"]
[WhiteElo "2304"]
[BlackElo "1982"]
[PlyCount "71"]
[EventDate "2023.11.03"]
[EventType "swiss"]
[EventRounds "5"]
[EventCountry "CAN"]

1. Nf3 d5 2. d4 Nf6 3. c4 e6 4. g3 Be7 5. Bg2 O-O 6. Qc2 c6 7. O-O b6 8. Nbd2
Bb7 9. e4 Na6 10. b3 c5 11. exd5 exd5 12. dxc5 Nxc5 13. Rd1 Qc7 14. Bb2 Rac8
15. Be5 Qd7 16. Rac1 Ne6 17. Qb2 Rfd8 18. Nf1 Qe8 19. Nh4 Ng4 20. Nf5 Nxe5 21.
Qxe5 Bf6 22. Qe2 g6 23. Nh6+ Kg7 24. Ng4 Bg5 25. f4 Be7 26. cxd5 Rxc1 27. Qb2+
f6 28. Qxc1 Bc5+ 29. Kh1 Nd4 30. Qc4 Nf5 31. Qc3 Qf7 32. Nge3 Nxe3 33. Nxe3
Bxe3 34. Qxe3 Bxd5 35. Kg1 Rd7 36. Bxd5 {
Cannot follow scoresheets. Game was drawn 25 moves later.} 1/2-1/2

[Event "RA  National Capital op"]
[Site "Ottawa CAN"]
[Date "2023.11.03"]
[Round "1.7"]
[White "Stopic, Alexander"]
[Black "Campbell, Ryan"]
[Result "0-1"]
[WhiteElo "1930"]
[BlackElo "2260"]
[PlyCount "92"]
[EventDate "2023.11.03"]
[EventType "swiss"]
[EventRounds "5"]
[EventCountry "CAN"]

1. c4 e6 2. Nc3 d5 3. d4 Be7 4. Nf3 Nf6 5. e3 a6 6. Be2 dxc4 7. Bxc4 b5 8. Be2
Bb7 9. O-O Nbd7 10. a3 c5 11. dxc5 Nxc5 12. b4 Qxd1 13. Rxd1 Nb3 14. Rb1 Nxc1
15. Rbxc1 O-O 16. Nxb5 axb5 17. Rc7 Bxf3 18. Bxf3 Bd8 19. Rxf7 Kxf7 20. Bxa8
Be7 21. Bc6 Rb8 22. e4 Rb6 23. Bd7 Nxd7 24. Rxd7 Ra6 25. Rb7 Rxa3 26. f3 Rb3
27. Rxb5 Rxb4 28. Ra5 Rb2 29. h3 Bd6 30. Kf1 Bg3 31. Ra1 h5 32. Rc1 h4 33. Ra1
Kf6 34. Rc1 Ke5 35. Rd1 Kf4 36. Ra1 Bf2 37. Ra6 Bb6 38. Ra8 Kg3 39. Re8 Rf2+
40. Ke1 Ba5+ 41. Kd1 Kxg2 42. Rxe6 Rxf3 43. Ke2 Rxh3 44. e5 Rg3 45. Ra6 Bd8 46.
e6 h3 0-1

[Event "RA  National Capital op"]
[Site "Ottawa CAN"]
[Date "2023.11.03"]
[Round "1.8"]
[White "Azar, Sebastien"]
[Black "Hughes-Dupuy, Henry"]
[Result "1-0"]
[WhiteElo "2253"]
[BlackElo "1972"]
[PlyCount "75"]
[EventDate "2023.11.03"]
[EventType "swiss"]
[EventRounds "5"]
[EventCountry "CAN"]

1. e4 e5 2. Nf3 Nc6 3. Bb5 Nf6 4. d3 Bc5 5. c3 Qe7 6. O-O a6 7. Ba4 b5 8. Bb3
d6 9. Nbd2 h6 10. a4 Rb8 11. axb5 axb5 12. Bd5 Nd8 13. d4 Bb6 14. Re1 O-O 15.
Bb3 Bb7 16. Bc2 Ne6 17. Nf1 Kh7 18. Ng3 g6 19. h3 Ng7 20. Qd2 Ng8 21. b3 c5 22.
Bb2 c4 23. bxc4 bxc4 24. Ba3 Rfd8 25. dxe5 Qe6 26. exd6 Ne8 27. Red1 Ngf6 28.
Nd4 Qe5 29. f4 Qe6 30. Kh2 Qd7 31. Rab1 Ba8 32. Re1 Ba7 33. Rxb8 Bxb8 34. Kg1
Ng7 35. f5 Re8 36. e5 Nd5 37. Bc1 g5 38. f6+ 1-0

[Event "RA  National Capital op"]
[Site "Ottawa CAN"]
[Date "2023.11.03"]
[Round "1.9"]
[White "Zhong, April"]
[Black "Latorre, Vincent"]
[Result "0-1"]
[WhiteElo "1914"]
[BlackElo "2239"]
[PlyCount "48"]
[EventDate "2023.11.03"]
[EventType "swiss"]
[EventRounds "5"]
[EventCountry "CAN"]

1. e4 c5 2. Nf3 d6 3. Bb5+ Nc6 4. O-O Bd7 5. c3 a6 6. Ba4 Nf6 7. Qe2 b5 8. Bc2
e5 9. h3 Be7 10. Rd1 Qb6 11. d3 O-O 12. Nbd2 Be6 13. Nf1 h6 14. Ng3 Rad8 15.
Nf5 Bxf5 16. exf5 Rfe8 17. Be3 d5 18. d4 exd4 19. cxd4 cxd4 20. Nxd4 Bc5 21.
Nxc6 Qxc6 22. Rac1 d4 23. Bb1 dxe3 24. Rxd8 Rxd8 0-1

[Event "RA  National Capital op"]
[Site "Ottawa CAN"]
[Date "2023.11.04"]
[Round "2.1"]
[White "Sambuev, Bator"]
[Black "Azar, Sebastien"]
[Result "1-0"]
[WhiteElo "2575"]
[BlackElo "2253"]
[PlyCount "59"]
[EventDate "2023.11.03"]
[EventType "swiss"]
[EventRounds "5"]
[EventCountry "CAN"]

1. d4 d5 2. c4 c6 3. Nf3 Nf6 4. e3 e6 5. Nbd2 Nbd7 6. Bd3 Be7 7. O-O dxc4 8.
Nxc4 b5 9. Nce5 Nxe5 10. Nxe5 Bb7 11. Bd2 a5 12. Be2 O-O 13. Rc1 Qb6 14. a4
Rfd8 15. Qb3 Bb4 16. Bxb4 bxa4 17. Qxa4 axb4 18. Qb3 Nd5 19. Rc5 Qc7 20. Rfc1
Rdc8 21. Bf3 Qb6 22. g3 Ra5 23. Bxd5 exd5 24. Qxd5 Rxc5 25. Qxf7+ Kh8 26. Rxc5
Qa6 27. Qe6 h6 28. Nf7+ Kh7 29. Qf5+ g6 30. Qd7 1-0

[Event "RA  National Capital op"]
[Site "Ottawa CAN"]
[Date "2023.11.04"]
[Round "2.5"]
[White "Xu, Daniel"]
[Black "Ajith, Aayush"]
[Result "0-1"]
[WhiteElo "2376"]
[BlackElo "2131"]
[PlyCount "60"]
[EventDate "2023.11.03"]
[EventType "swiss"]
[EventRounds "5"]
[EventCountry "CAN"]

1. e4 c5 2. Nf3 d6 3. d4 cxd4 4. Nxd4 Nf6 5. Nc3 a6 6. f3 e5 7. Nb3 Be7 8. Be3
Be6 9. Qd2 h5 10. Nd5 Nxd5 11. exd5 Bf5 12. Be2 Bh4+ 13. g3 Be7 14. O-O Bh3 15.
Rf2 Nd7 16. Na5 Qc7 17. c4 f5 18. Bd3 Nf6 19. b4 Qd7 20. Bc2 h4 21. Bb3 hxg3
22. hxg3 f4 23. gxf4 e4 24. Qe2 Qf5 25. Rh2 Qg6+ 26. Kh1 Nh5 27. Rg1 Ng3+ 28.
Rxg3 Qxg3 29. fxe4 Bg4 30. Rxh8+ Kf7 0-1

[Event "RA  National Capital op"]
[Site "Ottawa CAN"]
[Date "2023.11.04"]
[Round "2.6"]
[White "Campbell, Ryan"]
[Black "Di Matteo, Alessio"]
[Result "1-0"]
[WhiteElo "2260"]
[BlackElo "2066"]
[PlyCount "51"]
[EventDate "2023.11.03"]
[EventType "swiss"]
[EventRounds "5"]
[EventCountry "CAN"]

1. e4 c5 2. Nf3 e6 3. d4 cxd4 4. Nxd4 a6 5. Bd3 Bc5 6. Nb3 Ba7 7. Qf3 Ne7 8.
Nc3 Nbc6 9. Qg3 Ng6 10. h4 Bb8 11. f4 h5 12. Be3 b5 13. e5 Rh6 14. O-O-O f5 15.
exf6 Qxf6 16. Rhf1 Nce7 17. Qf3 d5 18. g3 Ba7 19. Bxa7 Rxa7 20. Qe3 Rc7 21.
Rde1 Kf7 22. f5 exf5 23. Nxd5 Qd6 24. Nxc7 Qxc7 25. Nd4 Kg8 26. Nxf5 1-0

[Event "RA  National Capital op"]
[Site "Ottawa CAN"]
[Date "2023.11.04"]
[Round "3.5"]
[White "Sowa, Ryan"]
[Black "Latreille, Etienne"]
[Result "1-0"]
[WhiteElo "2304"]
[BlackElo "2145"]
[PlyCount "99"]
[EventDate "2023.11.03"]
[EventType "swiss"]
[EventRounds "5"]
[EventCountry "CAN"]

1. e4 c5 2. Nf3 Nc6 3. d4 cxd4 4. Nxd4 g6 5. c4 Bg7 6. Be3 d6 7. Nc3 Nf6 8. Be2
O-O 9. O-O Bd7 10. Qd2 Nxd4 11. Bxd4 Bc6 12. f3 a5 13. b3 Nd7 14. Be3 Nc5 15.
Rac1 Qb6 16. Rc2 Qb4 17. Rb1 f5 18. exf5 gxf5 19. Qc1 Qb6 20. a3 f4 21. Bf2 Qd8
22. Qd2 Nd7 23. Nd5 Be5 24. b4 axb4 25. axb4 e6 26. Nc3 Nf6 27. Nb5 Qe7 28. c5
Nd5 29. Nxd6 Qg7 30. Kh1 Rf6 31. Nc4 Rg6 32. Nxe5 Qxe5 33. b5 Qg5 34. Bf1 Ne3
35. Bxe3 fxe3 36. Qe2 Bd5 37. Re1 Rg7 38. Qxe3 Qxe3 39. Rxe3 Ra1 40. Kg1 Rb1
41. Kf2 Bb3 42. Rd2 Rc7 43. Bd3 Rc1 44. Be4 Ba4 45. b6 Re7 46. Ra3 Be8 47. Rc2
Rb1 48. Ra7 Bg6 49. Bxg6 hxg6 50. c6 1-0